| 000 | 01446nam a2200337 a 4500 | ||
|---|---|---|---|
| 001 | ebr10695828 | ||
| 003 | CaPaEBR | ||
| 006 | m u | ||
| 007 | cr cn||||||||| | ||
| 008 | 130513s2013 enk sb 001 0 eng d | ||
| 020 | _z9780745332475 | ||
| 020 | _z9781849648660 (e-book) | ||
| 040 |
_aCaPaEBR _cCaPaEBR |
||
| 035 | _a(OCoLC)846956474 | ||
| 050 | 1 | 4 |
_aHD58.7 _b.O74 2013eb |
| 245 | 0 | 0 |
_aOrganisational anthropology _h[electronic resource] : _bdoing ethnography in and among complex organisations / _cedited by Christina Garsten and Anette Nyqvist. |
| 260 |
_aLondon : _bPluto Press, _c2013. |
||
| 300 | _aviii, 259 p. | ||
| 490 | 1 | _aAnthropology, culture and society | |
| 504 | _aIncludes bibliographical references and index. | ||
| 505 | 0 | _asection 1. Corporate corridors -- section 2. Policy arenas -- section 3. Working the network -- section 4. Opaque worlds. | |
| 533 |
_aElectronic reproduction. _bPalo Alto, Calif. : _cebrary, _d2013. _nAvailable via World Wide Web. _nAccess may be limited to ebrary affiliated libraries. |
||
| 650 | 0 | _aCorporate culture. | |
| 650 | 0 | _aBusiness anthropology. | |
| 655 | 7 |
_aElectronic books. _2local |
|
| 700 | 1 | _aGarsten, Christina. | |
| 700 | 1 | _aNyqvist, Anette. | |
| 710 | 2 | _aebrary, Inc. | |
| 830 | 0 | _aAnthropology, culture, and society. | |
| 856 | 4 | 0 |
_uhttp://site.ebrary.com/lib/rucke/Doc?id=10695828 _zAn electronic book accessible through the World Wide Web; click to view |
| 999 |
_c9115 _d9115 |
||